1101 1911 1344 1745 1376 1505 1592 1588 1759 1708 1193 1459 1932 1065 1242 1337 1498 1920 1710 1199 1471 1564 1458 1878 1338 1876 1711 1825 1132 1964 1882 1719 1549 1222 1303 1343 1125 1837 1059 1801 1300 1929 1009 1654 1643 1518 1918 1904 1875 1724 1547 1952 1975 1256 1503 1431 1732 1815 1112 1884 1084 1280 1638 1468 1309 1690 1259 1529 1430 1267 1841 1736 1057 1313 1018 1926 1599 1104 1389 1749 1764 1555 1080 1256 1868 1442 1222 1280 1729 1451 1791 1850 1582 1626 1526 1671 1814 1313 1308 BCNSPRNW ULIB Ver.6.0+V

เปลี่ยนเป็นภาษาไทย

Change to English
 แสดงรายละเอียดบรรณานุกรม
  กลับหน้าหลัก

Brief Record : Get Marc (ISO 2709) : E-mail record : QR code < ปิดหน้าต่าง
LEADER : 00000nam 2200000uu 4500
001    13399123527
003     ULIB
008    141003s2556||||th 000 0 tha d
020    ^a9786169161509
060  4 ^aWS280^bน927
245 00 ^aแนวทางการดูแลรักษาโรคติดเชื้อเฉียบพลันระบบหายใจในเด็ก /^c[บรรณาธิการ นวลจันทร์ ปราบพาล, จิตลัดดา ดีโรจนวงศ์]
250    ^aพิมพ์ครั้งที่ 1.
260    ^aกรุงเทพฯ :^bชมรมโรคระบบหายใจและเวชบำบัดวิกฤตในเด็กแห่งประเทศไทย,^c2556.
300    ^a192 หน้า :^bภาพประกอบ.
650  7 ^aเด็ก^xโรค
650  7 ^aทางเดินหายใจ^xโรคในวัยทารกและเด็ก^xการรักษา
650  7 ^aทางเดินอากาศหายใจ, การติดเชื้อ^xในวัยทารกและเด็ก^xการรักษา
700 0  ^aจิตลัดดา ดีโรจนวงศ์,^eบรรณาธิการ
700 0  ^aนวลจันทร์ ปราบพาล,^eบรรณาธิการ
710 2  ^aชมรมโรคระบบหายใจและเวชบำบัดวิกฤตในเด็กแห่งประเทศไทย
945    ^p0^l0^i036082
945    ^p0^l0^i036083
945    ^p0^l0^i036084
945    ^p0^l0^i036085
945    ^p0^l0^i036086
945    ^p0^l0^i036087
945    ^p0^l0^i036088
999    ^aเกษร โพธิ์สุวรรณ
รายการนี้ยังไม่มีแท็ก
คุณยังไม่ได้ล็อกอิน คุณสามารถมีกิจกรรมร่วมกับเว็บไซต์ได้ แต่ต้องล็อกอินก่อน ::
  ล็อกอิน

รายการสื่อสารสนเทศ

ลำดับที่ ประเภท เลขเรียก/บาร์โค้ด สถานที่ สถานะ
1. วิทยาศาสตร์การแพทย์ และสุขภาพ
หนังสือสำรอง
สถานะ=หนังสือสำรอง
WS280 น927 ฉ.1 
  Barcode: 036082
ห้องสมุดวิทยาเขตสวรรค์ประชารักษ์
►ส่วนจัดเก็บหนังสือเก่า สปร
บนชั้น
  ขอยืม
2. วิทยาศาสตร์การแพทย์ และสุขภาพ
วิทยาศาสตร์การแพทย์ และสุขภาพ
WS280 น927 ฉ.2 
  Barcode: 036083
ห้องสมุดวิทยาเขตสวรรค์ประชารักษ์
►ส่วนจัดเก็บหนังสือเก่า สปร
บนชั้น
  ขอยืม
3. วิทยาศาสตร์การแพทย์ และสุขภาพ
วิทยาศาสตร์การแพทย์ และสุขภาพ
WS280 น927 ฉ.3 
  Barcode: 036084
ห้องสมุดวิทยาเขตสวรรค์ประชารักษ์
►ส่วนจัดเก็บหนังสือเก่า สปร
บนชั้น
  ขอยืม
4. วิทยาศาสตร์การแพทย์ และสุขภาพ
วิทยาศาสตร์การแพทย์ และสุขภาพ
WS280 น927 ฉ.4 
  Barcode: 036085
ห้องสมุดวิทยาเขตสวรรค์ประชารักษ์
►ส่วนจัดเก็บหนังสือเก่า สปร
บนชั้น
  ขอยืม
5. วิทยาศาสตร์การแพทย์ และสุขภาพ
วิทยาศาสตร์การแพทย์ และสุขภาพ
WS280 น927 ฉ.5 
  Barcode: 036086
ห้องสมุดวิทยาเขตสวรรค์ประชารักษ์
►ส่วนจัดเก็บหนังสือเก่า สปร
บนชั้น
  ขอยืม
6. วิทยาศาสตร์การแพทย์ และสุขภาพ
วิทยาศาสตร์การแพทย์ และสุขภาพ
WS280 น927 ฉ.6 
  Barcode: 036087
ห้องสมุดวิทยาเขตสวรรค์ประชารักษ์
►ส่วนจัดเก็บหนังสือเก่า สปร
บนชั้น
  ขอยืม
7. วิทยาศาสตร์การแพทย์ และสุขภาพ
วิทยาศาสตร์การแพทย์ และสุขภาพ
WS280 น927 ฉ.7 
  Barcode: 036088
ห้องสมุดวิทยาเขตสวรรค์ประชารักษ์
►ส่วนจัดเก็บหนังสือเก่า สปร
บนชั้น
  ขอยืม

BibComment


ยังไม่เคยถูกคอมเมนท์

คอมเมนท์ทรัพยากรรายการนี้
  คอมเมนท์: แนวทางการดูแลรัก..


 Copyright 2026. Bcnsprnw @Library